History of civilization : Ancient & medieval /

محفوظ في:

المؤلف الرئيسي: Webster, Hutton, 1875-1955 (مؤلف)

التنسيق: كتاب

اللغة: English

منشور في: Boston : D. C. Heath, 1947.

الموضوعات:

الوسوم: إضافة وسم

لا توجد وسوم, كن أول من يضع وسما على هذه التسجيلة!

رقم الطلب: CB53 .W36 1947a

LEADER 00656nam a2200217Ia 4500
001 7802
003 OSt
005 20251123105833.0
008 130303s1947 mauab b 001 0 eng d
040 |c ARCE Library 
050 4 |a CB53 .W36 1947a 
100 1 |a Webster, Hutton,  |d 1875-1955,  |e author 
245 1 0 |a History of civilization :  |b Ancient & medieval /   |c by Hutton Webster. 
264 1 |a Boston :   |b D. C. Heath,   |c 1947. 
300 |a xiv, 607 pages :  |b illustrations, maps ;  |c 24 cm. 
504 |a Bibliography : pages [577]-588 and index. 
650 0 |a Civilization  |x History. 
650 0 |a World history. 
901 |a reviewed 
942 |c BK  |2 lcc 
999 |c 6777  |d 6777